Statistics for Stuck with U - Ariana Grande & Justin Bieber (All Lyrics)

Click here to take the quiz!

General Stats

  • This quiz has been taken 407 times
  • The average score is 292 of 379

Answer Stats

Stuck with U% Correct
I
99%
You
98%
you
98%
a
97%
And
95%
and
95%
Verse 1I'm
95%
i'm
95%
stuck
95%
OutroStuck
95%
with
95%
do
93%
no
92%
ChorusSo
92%
the
92%
me
90%
Baby
87%
baby
87%
your
87%
not
86%
can
84%
Go
84%
go
84%
in
84%
to
84%
on
83%
out
83%
door
79%
lock
79%
this
78%
when
78%
be
76%
Don't
76%
it
76%
more
76%
One
76%
one
76%
around
75%
just
75%
key
75%
Can't
73%
throw
73%
nothin'
72%
stick
72%
Still
72%
still
72%
drive
71%
for
71%
it's
71%
We
71%
we
71%
ahead
70%
If
70%
if
70%
insane
70%
my
70%
crazy
69%
All
68%
all
68%
Pre-ChorusOh
68%
oh
68%
time
68%
here
67%
mouth
67%
that
67%
Verse 2There's
67%
there's
67%
fight
66%
let
66%
run
66%
care
65%
sound
65%
down
64%
got
63%
Got
63%
never
63%
our
63%
stay
63%
you're
63%
But
62%
strike
62%
cancel
61%
hands
61%
plans
60%
as
56%
well
56%
could
55%
change
54%
Might
54%
lifetime
53%
up
53%
wouldn't
53%
yeah
53%
why
52%
forever
51%
That's
50%
bed
49%
need
49%
Being
48%
know
47%
layin'
47%
sun's
46%
ooh
43%
Pre-ChorusOoh
43%
better
40%
mind
40%
nowhere
40%
get
38%
stayin'
38%
streets
38%
take
37%
these
35%
nobody
34%
I'ma
33%
endin'
32%
i'd
32%
lose
32%
make
32%
rather
32%
we're
32%
world's
32%
Ain't
31%
Kinda
31%
singin'
31%
way
31%
spend
30%
come
29%
hope
29%
told
29%
hatin'
28%
lovin'
28%
other
28%
tonight
28%
wantin'
26%
BridgeWoah
15%

Score Distribution

Percentile by Number Answered

Percent of People with Each Score

Your Score History

You have not taken this quiz